Tecnología de mantenimiento / Domingo Saura
Descripción Física:
3 v. ; 30 cm
MARC
| LEADER | 00000nam a2200000Ia 4500 | ||
|---|---|---|---|
| 001 | 2234, 2339, 233 | ||
| 003 | BGR | ||
| 005 | 20260324175402.0 | ||
| 008 | 160829s9999 xx 000 0 cat d | ||
| 080 | |a C-1-38, C-1-39, C-1-40 | ||
| 100 | |a Saura Marín, Domingo |9 19675 | ||
| 245 | |a Tecnología de mantenimiento / Domingo Saura | ||
| 260 | |a Barcelona : |b Diputació de Barcelona, Escola d'Arts i Oficis, [1986] | ||
| 300 | |a 3 v. ; |c 30 cm | ||
| 590 | |a Conté: v. 1: Conocimiento de materiales; v. 2: Mecánica; v. 3: Electricidad | ||
| 650 | |a Mecànica |9 30507 | ||
| 650 | |a Electricitat |9 30919 | ||
| 710 | 2 | |a Escola d'Arts i Oficis (Barcelona, Catalunya) |9 55874 | |
| 901 | |a Arxiu | ||
| 942 | |n 1 |2 udc |c MON | ||
| 952 | |0 0 |1 0 |4 0 |6 C138_C139_C140 |7 1 |9 45435 |a Arxiu |b Arxiu |d 2016-12-01 |l 0 |o C-1-38, C-1-39, C-1-40 |p 2234, 2339, 233 |r 2016-12-01 00:00:00 |w 2016-12-01 |y ARXIU | ||
| 999 | |c 48557 |d 48557 | ||